[Event "Druzynowe Mistrzostwa Polski Juniorow - Ekstraliga"]
[Site "Suchedniow"]
[Date "1899-12-30"]
[Round "2.19"]
[White "Sernecki, Franciszek"]
[Black "Jarmula, Lukasz"]
[Result "1-0"]
[WhiteTitle "I"]
[BlackTitle "IM"]
[WhiteElo "1974"]
[BlackElo "2447"]

1. d4 Nf6 2. Nf3 c5 3. e3 g6 4. c4 Bg7 5. Nc3 O-O 6. Be2 cxd4 7. exd4 d5 8. O-O
Nc6 9. h3 dxc4 10. Bxc4 Na5 11. Bb3 b6 12. Bf4 Nxb3 13. axb3 Nd5 14. Qd2 Re8 15.
Rfd1 Bb7 16. Be5 f6 17. Bg3 Nxc3 18. Qxc3 Qd5 19. Qe3 e6 20. Re1 g5 21. Rac1 Re7
22. Rc3 h5 23. Rec1 Rd8 24. Rc7 Rdd7 25. Rxd7 Rxd7 26. Rc4 Bf8 27. Qc3 h4 28.
Bb8 Rg7 29. Rc7 Be7 30. Qc4 Qe4 31. Qc2 Qxc2 32. Rxc2 Bf8 33. Nh2 f5 34. Nf1 Bd5
35. Rc8 Bxb3 36. Nd2 Bd5 37. Bd6 Rf7 38. b3 Kg7 39. Be5+ Kh7 40. Nc4 1-0

[Event "Druzynowe Mistrzostwa Polski Juniorow - Ekstraliga"]
[Site "Suchedniow"]
[Date "1899-12-30"]
[Round "2.20"]
[White "Gazik, Viktor"]
[Black "Dmochowska, Agnieszka"]
[Result "1-0"]
[WhiteTitle "FM"]
[BlackTitle "WCM"]
[WhiteElo "2436"]
[BlackElo "2059"]

1. Nf3 Nf6 2. g3 g6 3. Bg2 Bg7 4. O-O O-O 5. d4 d6 6. c4 c5 7. Nc3 Nc6 8. d5 Na5
9. Nd2 Rb8 10. a3 b6 11. b4 Nb7 12. Bb2 cxb4 13. axb4 a5 14. Nb3 axb4 15. Na2
Na5 16. Nxb4 Bd7 17. Qc2 Nxb3 18. Qxb3 b5 19. Na6 Rb6 20. Bd4 Rb7 21. c5 dxc5
22. Nxc5 Rc7 23. Rac1 Qc8 24. Nd3 Rc4 25. Bc5 Qa6 26. Nb4 Qa5 27. Nc6 Bxc6 28.
dxc6 Ne4 29. Bxe4 Rxe4 30. Qd5 Rxe2 31. Rfd1 Bb2 32. Rb1 Re5 33. Bb4 Rxd5 34.
Bxa5 Rxd1+ 35. Rxd1 Be5 36. c7 Bd6 37. Rd5 Rc8 38. Rxb5 Rxc7 39. Bxc7 Bxc7 40.
Kg2 h5 41. Kf3 Kg7 42. Ke4 Bd6 43. h3 Kf6 44. Rb6 Ke6 45. Ra6 Kf6 46. Kd5 Kf5
47. Ra8 Kf6 48. Kc6 Ke6 49. Ra2 f6 50. Re2+ Kf7 51. Kd5 Bb4 52. Re4 Bd6 53. Kc6
Ba3 54. Kd7 Bd6 55. Re2 Bb4 56. f3 Bd6 57. Rg2 Be5 58. Re2 Bd6 59. Re4 Ba3 60.
h4 g5 61. hxg5 fxg5 62. g4 hxg4 63. fxg4 Bd6 64. Kc6 Ba3 65. Re5 Kf6 66. Rf5+
Kg6 67. Kd7 Bb4 68. Ke6 Bd6 69. Rf3 Bb4 70. Rf8 Kg7 71. Rc8 Bd6 72. Kf5 Bf4 73.
Rc6 Kf7 74. Re6 Bc1 75. Rh6 Kg7 76. Rh5 Bd2 77. Ke6 Kg6 78. Kxe7 Bc3 79. Rh1 Bb2
80. Rb1 Be5 81. Kf8 Bd4 82. Ke7 Be5 83. Rc1 Bf4 84. Rc6+ Kg7 85. Ke6 Kg6 86. Kd5+
Kg7 87. Ke4 Kf7 88. Kf5 Kg7 89. Rb6 Bd2 90. Rb7+ Kh6 91. Kf6 Bc3+ 92. Kf7 Be1
93. Rb3 Kh7 94. Rh3+ Bh4 95. Rxh4+ gxh4 96. g5 1-0

[Event "Druzynowe Mistrzostwa Polski Juniorow - Ekstraliga"]
[Site "Suchedniow"]
[Date "1899-12-30"]
[Round "2.21"]
[White "Strugarek, Lukasz"]
[Black "Lis, Mateusz"]
[Result "0-1"]
[WhiteTitle "II"]
[BlackTitle "I"]
[WhiteElo "1407"]
[BlackElo "1994"]

1. e4 c5 2. Nf3 d6 3. d4 cxd4 4. Nxd4 Nf6 5. Nc3 Nc6 6. Bc4 e6 7. Bb3 a6 8. O-O
Be7 9. Be3 O-O 10. Qe2 Bd7 11. Rad1 Qc7 12. Bg5 b5 13. Bxf6 Bxf6 14. Ndxb5 axb5
15. Nxb5 Qb8 16. Nxd6 Nd4 17. Qd2 Qxd6 18. c3 e5 19. cxd4 exd4 20. f4 Qb6 21.
Kh1 Bb5 22. Rf3 Bc6 23. Qe2 Rae8 24. Rg3 Bxe4 25. Qg4 g6 26. Qh5 Qb7 27. Rg1 Bxg2+
28. R3xg2 Qxg2+ 29. Kxg2 gxh5 30. Kf3+ Kh8 0-1

[Event "Druzynowe Mistrzostwa Polski Juniorow - Ekstraliga"]
[Site "Suchedniow"]
[Date "1899-12-30"]
[Round "2.22"]
[White "Jobda, Rafal"]
[Black "Kawaler, Adam"]
[Result "0-1"]
[WhiteTitle "II"]
[BlackTitle "I"]
[WhiteElo "1566"]
[BlackElo "1761"]

1. e4 e6 2. d4 d5 3. Nd2 dxe4 4. Nxe4 Nd7 5. Nf3 Ngf6 6. Bd3 Nxe4 7. Bxe4 Nf6 8.
Bd3 Be7 9. O-O O-O 10. c3 b6 11. Qe2 Bb7 12. Nd2 c5 13. dxc5 Bxc5 14. Kh1 Qd5
15. f3 Rad8 16. Bc4 Qh5 17. Re1 Bd6 18. Nf1 Qh4 19. Be3 Nh5 20. Bf2 Qg5 21. Be3
Bf4 22. Bxf4 Nxf4 23. Qf2 Nd3 24. Bxd3 Rxd3 25. Rad1 Rfd8 26. Rxd3 Rxd3 27. Re2
Qd5 28. Rd2 Ba6 29. a3 Qb5 30. Rxd3 Qxd3 31. Nd2 Qc2 32. h3 Qxb2 33. Qd4 Qxa3
34. Ne4 Qe7 35. Kh2 f6 36. Qa4 Bc8 37. Qc4 Bb7 38. Nf2 Bd5 39. Qa4 Kf7 40. Qc2
Qc7+ 41. Kh1 Qg3 42. Qd2 a5 43. Nd3 Bxf3 44. gxf3 Qxh3+ 45. Kg1 Qg3+ 46. Kf1 Qxf3+
47. Kg1 Qd5 48. Qe2 a4 49. Qc2 a3 50. Nb4 Qg5+ 0-1

[Event "Druzynowe Mistrzostwa Polski Juniorow - Ekstraliga"]
[Site "Suchedniow"]
[Date "1899-12-30"]
[Round "2.23"]
[White "Frej, Zofia"]
[Black "Gazikova, Veronika"]
[Result "0-1"]
[WhiteTitle "I++"]
[BlackTitle "k"]
[WhiteElo "1929"]
[BlackElo "2207"]

1. d4 Nf6 2. Nf3 g6 3. e3 Bg7 4. Be2 O-O 5. O-O d6 6. c4 Nbd7 7. Nc3 c6 8. b3 a6
9. a4 b6 10. Bb2 Bb7 11. Qc2 Qc7 12. Rfd1 e5 13. dxe5 dxe5 14. e4 Rfe8 15. b4
Nf8 16. g3 Ne6 17. Bf1 Rad8 18. Ne2 Nd4 19. Nfxd4 exd4 20. Bxd4 c5 21. bxc5 bxc5
22. Bc3 Bxe4 23. Qb2 Rb8 24. Qd2 Bf3 25. Bxf6 Bxf6 26. Ra2 Qe5 27. Qd3 Red8 28.
Qc2 Rxd1 29. Qxd1 Qf5 30. Qc2 Be4 31. Qd2 Qf3 0-1

[Event "Druzynowe Mistrzostwa Polski Juniorow - Ekstraliga"]
[Site "Suchedniow"]
[Date "1899-12-30"]
[Round "2.24"]
[White "Kulpa, Zuzanna"]
[Black "Czarniecka, Aleksandra"]
[Result "1-0"]
[WhiteTitle "I++"]
[BlackTitle "I"]
[WhiteElo "1615"]
[BlackElo "1631"]

1. d4 Nf6 2. g3 g6 3. Bg2 Bg7 4. e4 d6 5. Nc3 O-O 6. Nge2 c5 7. d5 Na6 8. O-O Nc7
9. a4 a6 10. h3 e6 11. Nf4 e5 12. Nfe2 Nfe8 13. f4 exf4 14. Nxf4 Bd7 15. a5 Bb5
16. Nxb5 Nxb5 17. c3 Nf6 18. g4 Nd7 19. Ne2 Ne5 20. Nf4 Nc7 21. Nd3 Nxd3 22. Qxd3
h6 23. Bf4 Kh7 24. Qg3 Ne8 25. h4 g5 26. hxg5 hxg5 27. Qh3+ Kg8 28. Be3 f6 29.
Qh5 Nc7 30. Rf3 Qe8 31. Qh2 Qe7 32. Rf5 Rf7 33. c4 Bh8 34. Qg3 Rb8 35. Qf2 Rh7
36. e5 fxe5 37. Bxg5 Qe8 38. Rf1 e4 39. Bxe4 Bd4 40. Be3 Bxe3 41. Qxe3 Rg7 42.
Qf4 Qe7 43. Rf6 Rd8 44. Re1 Qd7 45. Bf5 Qa4 46. Rxd6 Rf8 47. Rf1 Re8 48. Rg6 Ree7
49. d6 1-0

[Event "Druzynowe Mistrzostwa Polski Juniorow - Ekstraliga"]
[Site "Suchedniow"]
[Date "1899-12-30"]
[Round "2.25"]
[White "Kucza, Karol"]
[Black "Koziol, Kamil"]
[Result "1-0"]
[WhiteTitle "FM"]
[BlackTitle "k"]
[WhiteElo "2294"]
[BlackElo "2270"]

1. e4 c5 2. Nf3 Nc6 3. d4 cxd4 4. Nxd4 Nf6 5. Nc3 d6 6. Bg5 e6 7. Qd2 a6 8. O-O-O
Bd7 9. f3 Be7 10. Kb1 h6 11. Be3 b5 12. Nxc6 Bxc6 13. Ne2 Qc7 14. Nd4 Bd7 15.
g4 e5 16. Nf5 Bxf5 17. gxf5 d5 18. Qg2 d4 19. Bc1 Rg8 20. Bd3 O-O-O 21. Qe2 Kb7
22. Bd2 Qc6 23. c4 b4 24. c5 Bxc5 25. Rc1 a5 26. Bb5 Qb6 27. Qc4 Rc8 28. Qxf7+
Rc7 29. Qc4 Bd6 30. Qd3 Rgc8 31. Bc4 a4 32. Rhg1 Ka7 33. Rg6 Bf8 34. Be6 Rxc1+
35. Bxc1 Rc7 36. Bd2 Qc5 37. b3 Ne8 38. bxa4 Nd6 39. Bd5 Qa5 40. Qb3 Qa6 41. Rg1
Nc8 42. Rc1 Rxc1+ 43. Bxc1 Nb6 44. Bc6 Qc4 45. Bb5 Qxb3+ 46. axb3 Nc8 47. Bd2
Kb6 48. Bc4 Ka5 49. Kc2 Be7 50. Kd3 Nd6 51. Bd5 Bg5 52. f4 exf4 53. Kxd4 f3 54.
Be1 Kb6 55. Bf2 Kc7 56. Be6 Nb7 57. e5 Bf4 58. h3 Na5 59. Ke4 Bh2 60. Bd5 Nc6
61. Bxc6 Kxc6 62. a5 Kd5+ 1-0

[Event "Druzynowe Mistrzostwa Polski Juniorow - Ekstraliga"]
[Site "Suchedniow"]
[Date "1899-12-30"]
[Round "2.26"]
[White "Zylka, Stanislaw"]
[Black "Woloch, Oskar"]
[Result "1-0"]
[WhiteTitle "k"]
[BlackTitle "k"]
[WhiteElo "2239"]
[BlackElo "2164"]

1. e4 e5 2. Nf3 Nc6 3. Bb5 a6 4. Ba4 Nf6 5. d4 exd4 6. O-O b5 7. Re1 Be7 8. Bb3
d6 9. a4 Bg4 10. c3 O-O 11. cxd4 Na5 12. Bc2 c5 13. axb5 axb5 14. Nc3 b4 15. Nd5
Nxd5 16. exd5 b3 17. Bxb3 Nxb3 18. Rxa8 Qxa8 19. Qxb3 Rb8 20. Qe3 Bf8 21. dxc5
Qxd5 22. cxd6 Bxf3 23. Qxf3 Qxf3 24. gxf3 Bxd6 25. Rd1 Be7 26. Rd3 f6 27. Kf1
Kf7 28. Ke2 g5 29. b3 Rb6 30. h3 f5 31. Kf1 Kg6 32. Bd2 Bb4 33. Be3 Rc6 34. Rd4
Bc3 35. Rc4 Rxc4 36. bxc4 Ba5 37. Ke2 Bc7 38. Ba7 Kf6 39. Kd3 Ke5 40. Be3 Bd8
41. f4+ gxf4 42. Bd4+ Ke6 43. Ke2 Bc7 44. Kf3 Kd7 45. Bg7 Kc6 46. Bf8 Be5 47.
Be7 Bc7 48. h4 Be5 49. h5 Bc7 50. Bg5 Kc5 51. Bxf4 Bd8 52. Be3+ Kxc4 53. Kf4 Kd5
54. Kxf5 Bh4 55. f3 Bd8 56. Bg5 Ba5 57. f4 Bc3 58. Bf6 Be1 59. Bg7 Bh4 60. Bh6
Bd8 61. Bg5 Ba5 62. Kf6 Bc7 63. h6 Bb6 64. Kf7 Bc7 65. f5 Ke5 66. f6 Kf5 67. Bh4
Kg4 68. Kg8 Kxh4 69. f7 Bd6 1-0

[Event "Druzynowe Mistrzostwa Polski Juniorow - Ekstraliga"]
[Site "Suchedniow"]
[Date "1899-12-30"]
[Round "2.27"]
[White "Kalemba, Igor"]
[Black "Posluszny, Tomasz"]
[Result "0-1"]
[WhiteTitle "III"]
[BlackTitle "II"]
[WhiteElo "1041"]
[BlackElo "1555"]

1. e4 c5 2. Nf3 e6 3. d4 cxd4 4. Nxd4 Nf6 5. Nc3 Nc6 6. Nxc6 bxc6 7. e5 Nd5 8.
Ne4 Qa5+ 9. Bd2 Qc7 10. f4 Qb6 11. c4 Ne3 12. Qc1 Nxf1 13. Rxf1 c5 14. b3 Qc6
15. Nc3 a6 16. g3 g6 17. Qc2 Bb7 18. Be3 O-O-O 19. Kd1 d5 20. exd6 Qxd6+ 21. Kc1
Qd3 22. Re1 Bg7 23. Kb2 Be4 24. Qxd3 Rxd3 25. Rac1 Rhd8 26. Re2 Bf3 27. Ree1 Kc7
28. Rc2 Kc6 29. Rcc1 h5 30. Rc2 R8d7 31. a3 a5 32. Rcc1 Bg4 33. Rc2 Bf5 34. Rcc1
Rxc3 35. Rxc3 Rd3 36. Re2 Rxc3 37. Ka2 Rc2+ 38. Rxc2 Bxc2 39. Bd2 Kb6 40. Be3
Bd4 41. Bxd4 cxd4 42. Kb2 Be4 43. Kc1 Kc5 44. Kd2 f6 45. h3 g5 0-1

[Event "Druzynowe Mistrzostwa Polski Juniorow - Ekstraliga"]
[Site "Suchedniow"]
[Date "1899-12-30"]
[Round "2.28"]
[White "Oleksy, Krzysztof"]
[Black "Gorkiewicz, Mateusz"]
[Result "1-0"]
[WhiteTitle "I"]
[BlackTitle "II"]
[WhiteElo "1569"]
[BlackElo "1562"]

1. e4 e5 2. Nf3 Nc6 3. d4 exd4 4. Bc4 Nf6 5. e5 d5 6. Bb5 Ne4 7. Nxd4 Bd7 8. Bxc6
bxc6 9. O-O Bc5 10. f3 Ng5 11. f4 Ne4 12. Be3 Bb6 13. Nc3 Nxc3 14. bxc3 c5 15.
Nb3 c4 16. Nd4 O-O 17. Qd2 Re8 18. Rae1 f6 19. Nf3 c6 20. Kh1 Bg4 21. Nd4 Rc8
22. h3 Bd7 23. Bf2 fxe5 24. fxe5 Be6 25. Bg1 Ba5 26. Qf2 Qd7 27. Re3 c5 28. Nxe6
Qxe6 29. Qh4 Bd8 30. Qf4 h6 31. Re2 Bg5 32. Qg3 Rc7 33. h4 Bd8 34. Rd1 Kh8 35.
Ree1 Rf8 36. Rd2 Rf5 37. Qh3 Rcf7 38. Rdd1 Qe7 39. Rxd5 Qxh4 40. Qxh4 Bxh4 41.
Red1 Re7 42. Bh2 Bf2 43. Rf1 Rb7 44. g4 Rf8 45. e6 Rf6 46. Rd7 Rb2 47. e7 Re6
48. Rd8+ Kh7 49. e8=Q Rxe8 50. Rxe8 1-0

[Event "Druzynowe Mistrzostwa Polski Juniorow - Ekstraliga"]
[Site "Suchedniow"]
[Date "1899-12-30"]
[Round "2.29"]
[White "Buchta, Agnieszka"]
[Black "Cieslak, Wiktoria"]
[Result "0-1"]
[WhiteTitle "I++"]
[BlackTitle "k+"]
[WhiteElo "1653"]
[BlackElo "1983"]

1. e4 c5 2. b3 b6 3. Bb2 Bb7 4. Nc3 e6 5. Qf3 a6 6. O-O-O b5 7. Qg3 Nc6 8. f4 Qa5
9. Kb1 Nd4 10. Nf3 Nf6 11. d3 d5 12. e5 Nf5 13. Qh3 Nd7 14. g4 Ne3 15. Re1 d4
16. Ne4 Nb6 17. f5 O-O-O 18. Be2 exf5 19. gxf5 Nbd5 20. a3 f6 21. Rhg1 Nf4 22.
Qg3 Nfd5 23. Qh3 Kb8 24. Bd1 h5 25. e6 Ka8 26. Nh4 Qc7 27. Ng6 Rh7 28. Nxf8 Rxf8
29. Bf3 Nf4 30. Qg3 h4 31. Qf2 Nh3 32. Qe2 Nxg1 33. Rxg1 Nxf5 34. Bg4 Ne3 35.
Bh3 f5 36. Ng5 Rh6 37. Bc1 Nd5 38. Re1 Nc3+ 0-1

[Event "Druzynowe Mistrzostwa Polski Juniorow - Ekstraliga"]
[Site "Suchedniow"]
[Date "1899-12-30"]
[Round "3.1"]
[White "Koziol, Kamil"]
[Black "Golda, Sebastian"]
[Result "1-0"]
[WhiteTitle "k"]
[BlackTitle "I"]
[WhiteElo "2270"]
[BlackElo "1932"]

1. d4 Nf6 2. c4 g6 3. Nc3 Bg7 4. Nf3 d6 5. g3 O-O 6. Bg2 Nc6 7. O-O Bf5 8. d5 Na5
9. Nd2 c5 10. e4 Bd7 11. Qc2 a6 12. b3 b5 13. Bb2 Rb8 14. Rab1 Nh5 15. Nd1 e5
16. f4 Qe7 17. Bf3 Nf6 18. Nf2 Ne8 19. Nd3 b4 20. Bg2 Nb7 21. Rf2 Nf6 22. fxe5
Ng4 23. exd6 Qxd6 24. e5 Nxe5 25. Bxe5 Bxe5 26. Ne4 Qe7 27. Nxe5 f5 28. Nxd7 Qxd7
29. Ng5 1-0

[Event "Druzynowe Mistrzostwa Polski Juniorow - Ekstraliga"]
[Site "Suchedniow"]
[Date "1899-12-30"]
[Round "3.2"]
[White "Marczuk, Anna"]
[Black "Zylka, Stanislaw"]
[Result "0-1"]
[WhiteTitle "k"]
[BlackTitle "k"]
[WhiteElo "1931"]
[BlackElo "2239"]

1. e4 c5 2. Nf3 d6 3. d4 cxd4 4. Nxd4 Nf6 5. Nc3 a6 6. Nb3 Nbd7 7. g4 h6 8. h4
b5 9. Bg2 Bb7 10. a3 Ne5 11. g5 hxg5 12. hxg5 Rxh1+ 13. Bxh1 Nfd7 14. Nd4 Rc8
15. f4 Nc4 16. Nce2 e5 17. Nf5 g6 18. Ne3 exf4 19. Nxc4 Rxc4 20. b3 Rc8 21. Bxf4
Qe7 22. Qd2 Nc5 23. Nd4 Bg7 24. Rd1 Bxe4 25. Bxe4 Qxe4+ 26. Qe3 Be5 27. Qxe4 Nxe4
28. Be3 Rc3 29. Ke2 Bxd4 30. Rxd4 Ng3+ 31. Kd2 Rxe3 32. Kxe3 Nf5+ 0-1

[Event "Druzynowe Mistrzostwa Polski Juniorow - Ekstraliga"]
[Site "Suchedniow"]
[Date "1899-12-30"]
[Round "3.3"]
[White "Posluszny, Tomasz"]
[Black "Szczurek, Krzysztof"]
[Result "1-0"]
[WhiteTitle "II"]
[BlackTitle "I"]
[WhiteElo "1555"]
[BlackElo "1926"]

1. d4 Nf6 2. c4 c5 3. d5 b5 4. Qc2 bxc4 5. e4 g6 6. Bxc4 d6 7. Nc3 Bg7 8. Nge2
O-O 9. Ng3 Nbd7 10. b3 Nb6 11. Be2 Bd7 12. Bb2 Qc7 13. O-O Rfc8 14. Rac1 Qb7 15.
a4 Rab8 16. Ba3 Na8 17. Rb1 a5 18. f4 Ng4 19. Bxg4 Bxg4 20. f5 c4 21. b4 Qa7+
22. Kh1 Qe3 23. Nb5 axb4 24. Bxb4 c3 25. Rb3 Be5 26. Bxc3 Bxg3 27. hxg3 Qxg3 28.
Qf2 Qxf2 29. Rxf2 Bd1 30. Ra3 Rc4 31. Rfa2 Rxe4 32. fxg6 fxg6 33. Nd4 Nb6 34.
Rb2 Nd7 35. Rxb8+ Nxb8 36. a5 Na6 37. Ra1 Bg4 38. Kh2 Kf7 39. Rb1 Re3 40. Rc1
Re5 41. Rb1 Rxd5 42. Rb6 Bc8 43. Nc6 Nc7 44. Be1 Rb5 45. Kg3 e5 46. Bb4 Rd5 47.
Kf3 Na6 48. Be1 Rd3+ 49. Ke2 Ra3 50. Na7 Bg4+ 51. Kd2 Rxa5 52. Rxd6 Nc5 53. Rc6
Ne4+ 54. Ke3 Nf6 55. Bxa5 Bd7 56. Rc5 h5 57. Nc6 Ng4+ 58. Kf3 Ke6 59. Rc1 Nf6
60. Nd8+ Kf5 61. Rc5 Be8 62. Bc3 Nd7 63. Rd5 g5 64. Ke3 h4 65. Kf3 g4+ 66. Ke3
h3 67. gxh3 gxh3 68. Kf3 Kf6 69. Kg3 Ke7 70. Nb7 Ke6 71. Rd2 Nf6 72. Nc5+ Kf5
73. Kxh3 Nh5 74. Bxe5 Kxe5 75. Re2+ Kd5 76. Rxe8 Nf6 77. Rc8 Nh5 78. Re8 Kxc5
1-0

[Event "Druzynowe Mistrzostwa Polski Juniorow - Ekstraliga"]
[Site "Suchedniow"]
[Date "1899-12-30"]
[Round "3.4"]
[White "Korcyl, Patryk"]
[Black "Oleksy, Krzysztof"]
[Result "1/2-1/2"]
[WhiteTitle "II"]
[BlackTitle "I"]
[WhiteElo "1564"]
[BlackElo "1569"]

1. d4 Nf6 2. Nc3 d5 3. Bg5 Nbd7 4. Qd3 h6 5. Bh4 e6 6. e4 dxe4 7. Nxe4 Be7 8. c3
Nxe4 9. Bxe7 Nxf2 10. Bxd8 Nxd3+ 11. Bxd3 Kxd8 12. Nf3 Ke7 13. O-O-O c6 14. Rde1
Re8 15. Rhf1 Kf8 16. g4 b6 17. g5 hxg5 18. Nxg5 Nf6 19. Rf2 Bb7 20. Ref1 Re7 21.
Nh7+ Nxh7 22. Bxh7 Rc8 23. Rf4 Rd8 24. Bg6 Rdd7 25. Rh4 Kg8 26. Bh7+ Kf8 27. Bg6
Kg8 28. Bh7+ Kf8 29. Bg6 Kg8 30. Bh7+ Kf8 31. Bg6 1/2-1/2

[Event "Druzynowe Mistrzostwa Polski Juniorow - Ekstraliga"]
[Site "Suchedniow"]
[Date "1899-12-30"]
[Round "3.5"]
[White "Cieslak, Wiktoria"]
[Black "Jedrocha, Katarzyna"]
[Result "1/2-1/2"]
[WhiteTitle "k+"]
[BlackTitle "k"]
[WhiteElo "1983"]
[BlackElo "1948"]

1. e4 c5 2. Nf3 d6 3. d4 cxd4 4. Nxd4 Nf6 5. Nc3 a6 6. Bg5 Nbd7 7. f4 Qc7 8. Qf3
b5 9. a3 Bb7 10. O-O-O g6 11. g4 Bg7 12. Bxf6 Nxf6 13. h4 Rc8 14. Rh2 Qb6 15.
Rhd2 O-O 16. Nd5 Nxd5 17. exd5 Rc7 18. Kb1 e6 19. f5 Bxd5 20. Qg3 Be5 21. Qe3
Qc5 22. c3 a5 23. Nc2 Qxe3 24. Nxe3 Be4+ 25. Bd3 Bxd3+ 26. Rxd3 d5 27. Nc2 Bg7
28. Re1 Rc6 29. Nd4 Bxd4 30. Rxd4 Rb8 31. Re3 Kg7 32. fxe6 fxe6 33. g5 Rf8 34.
Kc2 Rf2+ 35. Rd2 Rf4 36. Rde2 Kf7 37. Rh2 d4 38. Re5 Rf5 39. Rhe2 dxc3 40. bxc3
b4 41. axb4 axb4 42. R5e4 bxc3 43. Rb4 Rc7 44. Rb6 Ra5 45. Rexe6 Ra2+ 46. Kc1
c2 47. Ra6 Ra1+ 48. Rxa1 Kxe6 49. Ra4 Kd5 50. Rb4 Rc4 51. Rb5+ Kc6 52. Ra5 Rxh4
53. Kxc2 Rf4 54. Kd3 Rf5 55. Ra7 Rxg5 56. Rxh7 Kd5 57. Ke3 Ke5 58. Ke4+ 1/2-1/2

[Event "Druzynowe Mistrzostwa Polski Juniorow - Ekstraliga"]
[Site "Suchedniow"]
[Date "1899-12-30"]
[Round "3.6"]
[White "Dylag, Emilia"]
[Black "Kroliczek, Gabriela"]
[Result "1-0"]
[WhiteTitle "I"]
[BlackTitle "I"]
[WhiteElo "1712"]
[BlackElo "1404"]

1. d4 Nf6 2. Nf3 e6 3. e3 c5 4. Bd3 Nc6 5. O-O Be7 6. b3 d5 7. Nbd2 a6 8. Bb2 b5
9. c4 cxd4 10. Nxd4 Nb4 11. Be2 bxc4 12. bxc4 dxc4 13. Nxc4 Bd7 14. Ne5 O-O 15.
a3 Nbd5 16. Ndc6 Bxc6 17. Nxc6 Qd7 18. Nxe7+ Qxe7 19. Qa4 Nd7 20. Rac1 f6 21.
Bf3 N7b6 22. Qd4 Rad8 23. e4 e5 24. Qd3 Nc7 25. Qb3+ Qe6 26. Qxe6+ Nxe6 27. Rc6
Na4 28. Bxe5 Ng5 29. Bd6 Rfe8 30. Rxa6 Nc3 31. Bb4 Ncxe4 32. Bxe4 Rxe4 33. Ra7
Rde8 34. Rd1 Nf7 35. f3 Rc4 36. Rdd7 Ng5 37. Rxg7+ Kh8 38. Rgc7 Rf4 39. Bd2 Rd4
40. Bxg5 fxg5 41. Rxh7+ Kg8 42. Rhg7+ Kh8 43. Rxg5 Re2 44. h3 Rd1+ 45. Kh2 Re6
46. Rc5 Rd8 47. Rcc7 Rde8 48. a4 Re5 49. Rc4 Rb8 50. Rac7 Ree8 51. a5 1-0

[Event "Druzynowe Mistrzostwa Polski Juniorow - Ekstraliga"]
[Site "Suchedniow"]
[Date "1899-12-30"]
[Round "3.7"]
[White "Jarmula, Lukasz"]
[Black "Kucza, Karol"]
[Result "0-1"]
[WhiteTitle "IM"]
[BlackTitle "FM"]
[WhiteElo "2447"]
[BlackElo "2294"]

1. d4 d5 2. c4 c6 3. Nc3 Nf6 4. Nf3 e6 5. Bg5 h6 6. Bh4 dxc4 7. e4 g5 8. Bg3 b5
9. Be2 Bb7 10. e5 Nd5 11. O-O Nxc3 12. bxc3 Nd7 13. a4 Nb6 14. a5 Nd5 15. a6 Bc8
16. Qc2 Be7 17. Nd2 h5 18. h3 Rb8 19. Ne4 Rb6 20. Qd2 Rxa6 21. Rac1 Kd7 22. f4
gxf4 23. Bxf4 Nxf4 24. Rxf4 Kc7 25. Rxf7 Kb8 26. Rcf1 c5 27. Rxe7 Qxe7 28. Nxc5
Rc6 29. Qe3 Rxc5 30. dxc5 Bb7 31. Rb1 a6 32. c6 Bxc6 33. Bxc4 Rg8 34. Bf1 Qa7
35. Qxa7+ Kxa7 36. Kf2 Rg5 37. Re1 Kb6 38. h4 Rf5+ 39. Kg1 Rf4 40. Rd1 a5 41.
Rd6 a4 42. Rxe6 a3 43. Rd6 a2 44. Rd1 Be4 45. Ra1 Bb1 46. Be2 Rxh4 47. e6 Re4
48. Bxh5 Rxe6 49. Bf7 Re2 50. g4 Rc2 51. g5 Rxc3 52. g6 Bxg6 53. Bxa2 Ra3 54.
Re1 Rxa2 55. Re6+ Ka5 56. Rxg6 Re2 57. Kf1 Re8 58. Rg7 Ka4 59. Ra7+ Kb3 60. Rb7
b4 0-1

[Event "Druzynowe Mistrzostwa Polski Juniorow - Ekstraliga"]
[Site "Suchedniow"]
[Date "1899-12-30"]
[Round "3.8"]
[White "Woloch, Oskar"]
[Black "Gazik, Viktor"]
[Result "0-1"]
[WhiteTitle "k"]
[BlackTitle "FM"]
[WhiteElo "2164"]
[BlackElo "2436"]

1. e4 e5 2. Nf3 Nc6 3. Bc4 Nf6 4. d3 Bc5 5. c3 O-O 6. O-O d5 7. exd5 Nxd5 8. b4
Be7 9. b5 Na5 10. Nxe5 Bf6 11. f4 Nxc3 12. Nxc3 Bxe5 13. fxe5 Qd4+ 14. Kh1 Nxc4
15. dxc4 Qxc3 16. Rb1 Qxc4 17. Ba3 Bg4 18. Qc1 Qxc1 19. Rfxc1 Rfc8 20. Rb3 a6
21. bxa6 Rxa6 22. Kg1 Be6 23. Rbc3 c6 24. Rd1 Bxa2 25. Rd7 b5 26. Kf2 h6 27. Bd6
Rca8 28. Ke3 Bd5 29. g3 Ra2 30. h4 Kh7 31. Kd4 R8a4+ 32. Kc5 b4 33. Re3 b3 34.
e6 Bxe6 0-1

[Event "Druzynowe Mistrzostwa Polski Juniorow - Ekstraliga"]
[Site "Suchedniow"]
[Date "1899-12-30"]
[Round "3.9"]
[White "Lis, Mateusz"]
[Black "Kalemba, Igor"]
[Result "1-0"]
[WhiteTitle "I"]
[BlackTitle "III"]
[WhiteElo "1994"]
[BlackElo "1041"]

1. e4 e6 2. d3 d5 3. Nd2 Bd6 4. Ngf3 c5 5. g3 Qb6 6. Bg2 Ne7 7. O-O O-O 8. Re1
Nbc6 9. h4 Bd7 10. h5 h6 11. Nf1 Rfe8 12. e5 Bc7 13. N1h2 Nf5 14. c3 Rad8 15.
g4 Nfe7 16. g5 Nf5 17. gxh6 Nxh6 18. Bxh6 gxh6 19. Qd2 Kh7 20. Ng4 Kg8 21. Qxh6
f6 22. Nxf6+ 1-0

[Event "Druzynowe Mistrzostwa Polski Juniorow - Ekstraliga"]
[Site "Suchedniow"]
[Date "1899-12-30"]
[Round "3.10"]
[White "Gorkiewicz, Mateusz"]
[Black "Pelka, Michal"]
[Result "1-0"]
[WhiteTitle "II"]
[BlackTitle "II"]
[WhiteElo "1562"]
[BlackElo "1618"]

1. e4 c6 2. d4 d5 3. e5 Bf5 4. Nf3 e6 5. a3 c5 6. c4 dxc4 7. Bxc4 Nc6 8. Bb5 Qc7
9. Bf4 O-O-O 10. Bxc6 Qxc6 11. Be3 f6 12. O-O h5 13. Nbd2 h4 14. h3 Qb5 15. dxc5
Ne7 16. Nd4 Qd7 17. Nc4 Nd5 18. Nxf5 exf5 19. Nd6+ Bxd6 20. exd6 Qc6 21. Qd3 Nxe3
22. fxe3 Qe4 23. Qxe4 fxe4 24. Rf4 Rde8 25. b4 Re6 26. b5 Kd7 27. Rc1 g5 28. Rf5
Rg8 29. Rc4 Rc8 30. Ra4 Ra8 31. Kf1 a6 32. Ke2 Re5 33. Rxe5 fxe5 34. Kd2 Rc8 35.
bxa6 bxa6 36. Ra5 Kc6 37. Kc3 Ra8 38. Kc4 Ra7 39. d7 Kxd7 40. Kd5 Kc7 41. Ra4
1-0

[Event "Druzynowe Mistrzostwa Polski Juniorow - Ekstraliga"]
[Site "Suchedniow"]
[Date "1899-12-30"]
[Round "3.11"]
[White "Gazikova, Veronika"]
[Black "Buchta, Agnieszka"]
[Result "1-0"]
[WhiteTitle "k"]
[BlackTitle "I++"]
[WhiteElo "2207"]
[BlackElo "1653"]

1. e4 e6 2. d4 d5 3. Nd2 c5 4. exd5 exd5 5. dxc5 Bxc5 6. Nb3 Bd6 7. Nf3 Nc6 8.
Bd3 Nge7 9. O-O h6 10. Nbd4 O-O 11. h3 a6 12. c3 Bd7 13. Bc2 Re8 14. Qd3 Ng6 15.
Nf5 Bxf5 16. Qxf5 Bc7 17. Rd1 Nce7 18. Qd3 Qd6 19. Be3 Rad8 20. g3 Nc6 21. h4
h5 22. Re1 Qd7 23. Ng5 Nce5 24. Qd1 Qg4 25. Bd4 f6 26. Qxg4 hxg4 27. Bxg6 Nxg6
28. Ne6 Rc8 29. Nxc7 Rxe1+ 30. Rxe1 Rxc7 31. Re6 Rd7 32. Kf1 Kf7 33. Rb6 Ne5 34.
Bxe5 fxe5 35. Rb4 d4 36. cxd4 exd4 37. Ke2 Ke6 38. Rb6+ Kf5 39. Kd3 Ke5 40. Rg6
Rf7 41. Rg5+ Ke6 42. Rxg4 Rxf2 43. Rxg7 Rxb2 44. Kxd4 Kf6 45. Rc7 Rxa2 46. Rxb7
Rg2 47. Rb3 Kf5 48. Ra3 Kg4 49. Kc4 Re2 50. Kc5 Re6 51. Kd5 Rh6 52. Re3 a5 53.
Ra3 Rf6 54. Kc5 Rh6 55. Kb5 Rh5+ 56. Kb6 Rf5 57. Kc6 Rh5 58. Kd6 Rf5 59. Ke6 Rf8
60. Ke5 Rf5+ 61. Kd6 Rf8 62. Ke6 Rf5 63. Ra4+ Kxg3 64. Kxf5 1-0

[Event "Druzynowe Mistrzostwa Polski Juniorow - Ekstraliga"]
[Site "Suchedniow"]
[Date "1899-12-30"]
[Round "3.12"]
[White "Karlyk, Maria"]
[Black "Kulpa, Zuzanna"]
[Result "1/2-1/2"]
[WhiteTitle "I"]
[BlackTitle "I++"]
[WhiteElo "1600"]
[BlackElo "1615"]

1. e4 e5 2. Nf3 Nc6 3. d4 exd4 4. Nxd4 Bc5 5. Be3 Qf6 6. c3 Nge7 7. Be2 d5 8. Bf3
Ne5 9. exd5 Nxf3+ 10. Nxf3 Qb6 11. Qd2 Nf5 12. Bxc5 Qxc5 13. O-O O-O 14. b4 Qd6
15. c4 Rd8 16. a3 b5 17. cxb5 Bb7 18. Nc3 Bxd5 19. Nxd5 Qxd5 20. Qxd5 Rxd5 21.
Rfd1 Rxb5 22. Rac1 Rb7 23. Rd7 Nd6 24. h3 Ne8 25. Ng5 a5 26. Nxf7 axb4 27. axb4
Rxb4 28. Ne5 Rb5 29. Nc6 h6 30. Nd4 Re5 31. Rc2 Ra1+ 32. Kh2 Rd1 33. Nf3 Rxd7
34. Nxe5 Rd5 35. Nc6 Kf7 36. f4 Kf6 37. g4 g6 38. Ne5 g5 39. Rc6+ Rd6 40. Rxd6+
cxd6 41. fxg5+ Kxg5 42. Nd3 Nf6 43. Kg2 Ne4 1/2-1/2

[Event "Druzynowe Mistrzostwa Polski Juniorow - Ekstraliga"]
[Site "Suchedniow"]
[Date "1899-12-30"]
[Round "3.13"]
[White "Wisniewski, Michal"]
[Black "Korpalski, Maciej"]
[Result "1-0"]
[WhiteTitle "k+"]
[BlackTitle "I"]
[WhiteElo "2235"]
[BlackElo "1968"]

1. e4 c5 2. Nf3 e6 3. d4 cxd4 4. Nxd4 Nf6 5. Nc3 d6 6. Nb3 a6 7. g4 h6 8. Bg2 e5
9. g5 hxg5 10. Bxg5 Be6 11. Qe2 Nbd7 12. O-O-O Qc7 13. f4 Be7 14. Nd2 exf4 15.
Nd5 Nxd5 16. exd5 Bxg5 17. dxe6 Ne5 18. exf7+ Qxf7 19. Kb1 O-O-O 20. Nf3 Bf6 21.
Rd4 g5 22. Nxe5 Bxe5 23. Rc4+ Kb8 24. Rb4 Rd7 25. Bc6 Rc7 26. Qxa6 f3 27. Rf1
g4 28. Qb5 Rxh2 29. Bd5 Qd7 1-0